Statistics for Famous People from Pennsylvania by Picture

Click here to take the quiz!

General Stats

  • This quiz has been taken 15,173 times
    (4,246 since last reset)
  • The average score is 12 of 20

Answer Stats

Answer% Correct
Joe Biden
99%
Will Smith
97%
Taylor Swift
96%
Benjamin Franklin
88%
Kobe Bryant
85%
Kevin Hart
71%
Bradley Cooper
70%
Andy Warhol
69%
Tina Fey
65%
William Penn
52%
Michael Keaton
51%
Andrew Carnegie
45%
Christina Aguilera
43%
James Buchanan
43%
James Stewart
43%
Wilt Chamberlain
43%
Arnold Palmer
40%
Reggie Jackson
39%
Joe Namath
38%
W.C. Fields
23%

Score Distribution

Percentile by Number Answered

Percent of People with Each Score

Your Score History

You have not taken this quiz since the last reset